000 00930pam a2200313 a 4500
999 _c1787
_d1787
001 015634931
003 Uk
005 20230127134406.0
008 100819s2011 enka j 000 j eng d
015 _aGBB0A1605
_2bnb
016 7 _a015634931
_2Uk
020 _a9781406324174 (pbk.) :
040 _aStDuBDS
_beng
_cStDuBDS
_dUk
_dKH8
042 _aukblcatcopy
082 0 4 _a823.914 BLA
_222
100 1 0 _aBlake, Jon.
_eauthor
245 1 0 _aOshie /
_cby Jon Blake ; illustrated by Anuska Allepuz.
260 _aLondon :
_bWalker,
_c2011.
300 _a92 p. :
_bill. ;
_c20 cm.
336 _atext
_2rdacontent
337 _aunmediated
_2rdamedia
338 _avolume
_2rdacarrier
490 0 _aWalker racing reads
500 _aFormerly CIP.
_5Uk
650 0 _aOshie (Fictitious character)
_vJuvenile fiction.
650 0 _aChildren's stories, English.
700 1 _aAllepuz, Anuska,
_d1979-
_eillustrator
942 _2ddc
_cNFIC